<?xml version="1.0" encoding="UTF-8"?>
<collection xmlns="http://www.loc.gov/MARC21/slim">
 <record>
  <leader>01670nam a2200385 a 4500</leader>
  <controlfield tag="001">34166</controlfield>
  <controlfield tag="003">BD-DhAAL</controlfield>
  <controlfield tag="005">20211125102627.0</controlfield>
  <controlfield tag="008">190120t2002    enk           000 d eng d</controlfield>
  <datafield tag="999" ind1=" " ind2=" ">
   <subfield code="c">40407</subfield>
   <subfield code="d">40407</subfield>
  </datafield>
  <datafield tag="010" ind1=" " ind2=" ">
   <subfield code="a">  2005472095</subfield>
  </datafield>
  <datafield tag="015" ind1=" " ind2=" ">
   <subfield code="a">GBA2-W4744</subfield>
  </datafield>
  <datafield tag="020" ind1=" " ind2=" ">
   <subfield code="a">0571215939 (pbk.)</subfield>
  </datafield>
  <datafield tag="024" ind1="8" ind2=" ">
   <subfield code="a">60000193177</subfield>
  </datafield>
  <datafield tag="035" ind1=" " ind2=" ">
   <subfield code="a">(OCoLC)ocm50101279</subfield>
  </datafield>
  <datafield tag="040" ind1=" " ind2=" ">
   <subfield code="a">UKM</subfield>
   <subfield code="c">UKM</subfield>
   <subfield code="d">GZM</subfield>
   <subfield code="d">INU</subfield>
   <subfield code="d">DLC</subfield>
   <subfield code="d">BD-DhAAL</subfield>
  </datafield>
  <datafield tag="042" ind1=" " ind2=" ">
   <subfield code="a">lccopycat</subfield>
  </datafield>
  <datafield tag="050" ind1="0" ind2="0">
   <subfield code="a">PR6058.A678</subfield>
   <subfield code="b">B74 2002</subfield>
  </datafield>
  <datafield tag="082" ind1="0" ind2="4">
   <subfield code="a">822.914</subfield>
   <subfield code="2">23</subfield>
  </datafield>
  <datafield tag="100" ind1="1" ind2=" ">
   <subfield code="a">Hare, David,</subfield>
   <subfield code="d">1947-</subfield>
   <subfield code="9">29647</subfield>
  </datafield>
  <datafield tag="245" ind1="1" ind2="4">
   <subfield code="a">The breath of life /</subfield>
   <subfield code="c">David Hare.</subfield>
  </datafield>
  <datafield tag="260" ind1=" " ind2=" ">
   <subfield code="a">London :</subfield>
   <subfield code="b">Faber and Faber,</subfield>
   <subfield code="c">2002.</subfield>
  </datafield>
  <datafield tag="300" ind1=" " ind2=" ">
   <subfield code="a">93 pages ;</subfield>
   <subfield code="c">20 cm.</subfield>
  </datafield>
  <datafield tag="500" ind1=" " ind2=" ">
   <subfield code="a">&quot;FF Plays&quot; -- Cover.</subfield>
  </datafield>
  <datafield tag="520" ind1=" " ind2=" ">
   <subfield code="a">'Life being what it is, one dreams of revenge.'Gauguin's aphorism serves as the motto for this morality tale of two women, both in their sixties, whose lives are interwoven in ways neither of them yet understand. Madeline Palmer is a retired curator, living alone on the Isle of Wight.</subfield>
  </datafield>
  <datafield tag="526" ind1=" " ind2=" ">
   <subfield code="a">ENH</subfield>
  </datafield>
  <datafield tag="541" ind1=" " ind2=" ">
   <subfield code="a">The WORM</subfield>
   <subfield code="e">34166, 34167</subfield>
  </datafield>
  <datafield tag="650" ind1=" " ind2=" ">
   <subfield code="a">Life (Biology)</subfield>
   <subfield code="9">29648</subfield>
  </datafield>
  <datafield tag="650" ind1=" " ind2=" ">
   <subfield code="a">Natural history</subfield>
   <subfield code="9">29649</subfield>
  </datafield>
  <datafield tag="650" ind1=" " ind2=" ">
   <subfield code="a">Women</subfield>
   <subfield code="9">29650</subfield>
  </datafield>
  <datafield tag="650" ind1=" " ind2=" ">
   <subfield code="a">English literature.</subfield>
   <subfield code="9">43118</subfield>
  </datafield>
  <datafield tag="852" ind1=" " ind2=" ">
   <subfield code="a">Ayesha Abed Library</subfield>
   <subfield code="c">General Stacks</subfield>
  </datafield>
  <datafield tag="942" ind1=" " ind2=" ">
   <subfield code="2">ddc</subfield>
   <subfield code="c">BK</subfield>
  </datafield>
  <datafield tag="952" ind1=" " ind2=" ">
   <subfield code="0">0</subfield>
   <subfield code="1">0</subfield>
   <subfield code="2">ddc</subfield>
   <subfield code="4">0</subfield>
   <subfield code="6">822_914000000000000_HAR</subfield>
   <subfield code="7">0</subfield>
   <subfield code="9">64950</subfield>
   <subfield code="a">BRACUL</subfield>
   <subfield code="b">BRACUL</subfield>
   <subfield code="c">GEN</subfield>
   <subfield code="d">2019-01-20</subfield>
   <subfield code="e">The Worm</subfield>
   <subfield code="g">1019.15</subfield>
   <subfield code="l">4</subfield>
   <subfield code="m">4</subfield>
   <subfield code="o">822.914 HAR</subfield>
   <subfield code="p">3010034167</subfield>
   <subfield code="r">2022-12-05</subfield>
   <subfield code="s">2022-12-01</subfield>
   <subfield code="t">2</subfield>
   <subfield code="v">1199.00</subfield>
   <subfield code="w">2019-01-20</subfield>
   <subfield code="y">BK</subfield>
  </datafield>
  <datafield tag="952" ind1=" " ind2=" ">
   <subfield code="0">0</subfield>
   <subfield code="1">0</subfield>
   <subfield code="2">ddc</subfield>
   <subfield code="4">0</subfield>
   <subfield code="6">822_914000000000000_HAR</subfield>
   <subfield code="7">0</subfield>
   <subfield code="9">64951</subfield>
   <subfield code="a">BRACUL</subfield>
   <subfield code="b">BRACUL</subfield>
   <subfield code="c">GEN</subfield>
   <subfield code="d">2019-01-20</subfield>
   <subfield code="e">The WORM</subfield>
   <subfield code="g">1019.15</subfield>
   <subfield code="l">1</subfield>
   <subfield code="m">2</subfield>
   <subfield code="o">822.914 HAR</subfield>
   <subfield code="p">3010034166</subfield>
   <subfield code="r">2025-02-17</subfield>
   <subfield code="s">2025-01-23</subfield>
   <subfield code="t">1</subfield>
   <subfield code="v">1199.00</subfield>
   <subfield code="w">2019-01-20</subfield>
   <subfield code="y">BK</subfield>
  </datafield>
 </record>
</collection>
